Ekonomika socialistického zemědělství 3

Salvato in:
Dettagli Bibliografici
Autore principale: Zavíral, Jan
Ente Autore: Vysoká škola ekonomická v Praze. Výrobně ekonomická fakulta
Natura: Libro
Lingua:ceco
Pubblicazione: Praha Státní pedagogické nakladatelství 1981
Tags: Aggiungi Tag
Nessun Tag, puoi essere il primo ad aggiungerne!!

MARC

LEADER 00000nam a2200000 4500
001 c131610
005 20190201122731.5
041 0 |a cze 
044 |a CZ 
245 1 0 |a Ekonomika socialistického zemědělství 3  |c Jan Zavíral 
264 1 |a Praha  |b Státní pedagogické nakladatelství  |c 1981 
300 |a 87 s. 
100 1 |a Zavíral, Jan 
710 2 |a Vysoká škola ekonomická v Praze. Výrobně ekonomická fakulta